000 00671nam a2200229 a 4500
001 1939842
003 AM-YEHGA
005 20250618080132.0
008 240126s2012 sy |||||||||||||||||ara|d
040 _aAM-YeHGA
041 0 _aara
100 0 _aSaleh Zahreddine
245 1 0 _aالأرمن بين الكنيسة والسياسة والاقتصاد /
_cالدكتور صالح زهر الدين.
246 1 3 _aArmenians between church, politics and economics
260 _a[Beirut] :
_bS. n.,
_c[2012].
300 _a[255] p.
546 _aText in Armenian
650 1 4 _aArmenians
650 1 4 _aHistory
_zArmenia
_94954
942 _2udc
_cBK
090 _c567837
999 _c529411
_d529411